|
|
|
|
| LEADER |
01004pam a22002658a 4500 |
| 001 |
00024190 |
| 005 |
20171026081023.0 |
| 008 |
110713s1998 ||||||Viesd |
| 041 |
0 |
# |
|a Vie
|
| 082 |
1 |
# |
|a 515
|b GI521Ô
|
| 100 |
0 |
# |
|a Lê Ngọc Lăng
|
| 245 |
0 |
0 |
|a Giúp ôn tập tốt môn toán cao cấp
|b Dùng cho sinh viên các trường đại ĐH Kỹ thuật
|c Lê Ngọc Lăng, Tống Đình Quỳ, Nguyễn Đăng Tuấn, Mai Văn Được
|n T.3
|
| 260 |
# |
# |
|a H.
|b Giáo dục
|c 1998
|
| 300 |
# |
# |
|a 216 tr.
|c 21 cm.
|
| 653 |
# |
# |
|a Học giỏi toán
|
| 653 |
# |
# |
|a Toán
|
| 653 |
# |
# |
|a Ôn tập
|
| 653 |
# |
# |
|a Toán cao cấp
|
| 700 |
0 |
# |
|a Mai Văn Được
|e tác giả
|
| 700 |
0 |
# |
|a Nguyễn Đăng Tuấn
|e tác giả
|
| 700 |
0 |
# |
|a Tống Đình Quỳ
|e tác giả
|
| 852 |
# |
# |
|j KD.0002338
|
| 852 |
# |
# |
|b Kho đọc
|j KD.0002338
|
| 910 |
|
|
|d 13/07/2011
|
| 980 |
# |
# |
|a Trung tâm Học liệu Lê Vũ Hùng, Trường Đại học Đồng Tháp
|